000
00241nam a2200097Ia 4500
001
679802
005
20250826161329.0
008
250824s9999 xx 000 0 und d
245
0
_a
İHANET ALTINI
_c
PHİLP REEVE
260
_b
GÜNIŞIĞI YAYINLARI
999
_c
679802
_d
679802